000 00674nam a22002411 4500
001 21707
003 BD-RjUL
005 20211209000723.0
008 140305s1964 nyu 000 1 eng
035 _a(BD-RjUL)21772
035 _a(OCoLC)1374686
040 _aDLC
_cFM
_dOCoLC
_dNN
_dDLC
_dBD-RjUL
_beng
041 _aeng
082 _a823.91
_bWIA 1964
100 1 _aWillock, Colin D.
_967043
245 1 4 _aThe animal catchers /
_cColin Willock.
260 _aGarden City, N.Y. :
_bDoubleday,
_cc1964.
300 _a223 p. ;
_c22 cm.
650 0 _aWildlife conservation
_vFiction.
_967044
942 _2ddc
_cBK
999 _c21707
_d21707